El maestro y la conducta del niño : temperamento y crecimiento /
Guardado en:
| Autor Principal: | |
|---|---|
| Otros Autores: | , |
| Formato: | Libro |
| Publicado: |
Buenos Aires :
Paidós,
1965
|
| Edición: | 1a. ed. |
| Materias: | |
| Etiquetas: |
Agregar Etiqueta
Sin Etiquetas, Sea el primero en etiquetar este registro!
|
| LEADER | 00622nam a22002175a 4500 | ||
|---|---|---|---|
| 001 | CEM.cems006785 | ||
| 005 | 20060214000000.0 | ||
| 008 | 130507s1965##################000#0#####d | ||
| 003 | CEMS | ||
| 082 | 0 | 4 | |a 370.15 |
| 100 | 1 | |a Anderson, Lester | |
| 245 | 1 | 0 | |a El maestro y la conducta del niño : |b temperamento y crecimiento / |
| 250 | |a 1a. ed. | ||
| 260 | |a Buenos Aires : |b Paidós, |c 1965 | ||
| 300 | |a 75 p. | ||
| 653 | |a Disciplina escolar | ||
| 653 | |a Educacion | ||
| 653 | |a Psicología educativa | ||
| 700 | 1 | |a Willgoose, Carl | |
| 700 | 1 | |a Ecrow, Lester D | |
| 859 | |a CEMS |b BIB. CEMS - 11 de abril |h 370.15 |i An23 |p 2469.74 |t Ej.1 | ||
